South Asian activists in the global justice movement / (Record no. 140166)

MARC details
000 -LEADER
fixed length control field 00639nam a22001937a 4500
005 - DATE AND TIME OF LATEST TRANSACTION
control field 20170522104600.0
010 ## - LCCN (DPL NO)
LC control number ENG-118274
020 ## - INTERNATIONAL STANDARD BOOK NUMBER
International Standard Book Number 9780199466276
Terms of availability 795.00
035 ## - SYSTEM CONTROL NUMBER
System control number EN-101806
037 ## - SOURCE OF ACQUISITION
Source of stock number/acquisition DBAD/PUB
082 ## - DEWEY DECIMAL CLASSIFICATION NUMBER
Classification number 303.4840954
100 ## - MAIN ENTRY--PERSONAL NAME
Personal name Hardtmann,Eva-Maria
245 ## - TITLE STATEMENT
Title South Asian activists in the global justice movement /
Statement of responsibility, etc by Eva-Maria Hardtmann
260 ## - PUBLICATION, DISTRIBUTION, ETC. (IMPRINT)
Place of publication, distribution, etc New Delhi
Name of publisher, distributor, etc Oxford University Press
Date of publication, distribution, etc 2017
270 ## - ADDRESS
Address YMCA Library Building,1 Jai Singh Road
City New Delhi
Postal code 110001
300 ## - PHYSICAL DESCRIPTION
Extent xii,248p.
Dimensions 23cm.(Hb)
500 ## - GENERAL NOTE
General note Includes references and index
942 ## - ADDED ENTRY ELEMENTS (KOHA)
Source of classification or shelving scheme Dewey Decimal Classification
Item type English Books
Classification part 303.4840954
Call number suffix HAR
Holdings
Withdrawn status Lost status Not for loan Collection code Home library Current library Date acquired Source of acquisition Cost, normal purchase price Full call number Barcode Copy number Cost, replacement price Koha item type
      Non-fiction Ashok Vihar Ashok Vihar 22/05/2017 DBAD/PUB 795.00 303.4840954 HAR EN-101806 1 795.00 English Books

© Delhi Public Library
Hit Counter
free hit counter